Rozvoj cestovného ruchu v regiónoch s vysokou nezamestnanosťou bakalárska práca

Guardado en:
Detalles Bibliográficos
Autor principal: Šofranková, Katarína
Autor Corporativo: Obchodná fakulta EU. Katedra služieb a cestovného ruchu - zrušené
Otros Autores: Puškelová, Mária
Formato: Libro
Lenguaje:eslovaco
Publicado: Bratislava 2013
Etiquetas: Agregar Etiqueta
Sin Etiquetas, Sea el primero en etiquetar este registro!

MARC

LEADER 00000nbm a2200000 4500
001 0171268
005 20161109112027.2
041 0 |a slo 
044 |a SK 
245 1 0 |a Rozvoj cestovného ruchu v regiónoch s vysokou nezamestnanosťou  |b bakalárska práca  |c Katarína Šofranková ; školiteľ: Mária Puškelová 
264 1 |a Bratislava  |c 2013 
300 |a 52 s. 
100 1 |a Šofranková, Katarína 
700 1 |a Puškelová, Mária 
710 2 |a Obchodná fakulta EU. Katedra služieb a cestovného ruchu - zrušené